<?xml version="1.0" encoding="UTF-8"?>
<record
    xmlns:xsi="http://www.w3.org/2001/XMLSchema-instance"
    xsi:schemaLocation="http://www.loc.gov/MARC21/slim http://www.loc.gov/standards/marcxml/schema/MARC21slim.xsd"
    xmlns="http://www.loc.gov/MARC21/slim">

  <leader>00863nam a2200181Ia 4500</leader>
  <controlfield tag="008">151202s9999||||xx |||||||||||||| ||und||</controlfield>
  <datafield tag="082" ind1=" " ind2=" ">
    <subfield code="b">PNVM-45996</subfield>
  </datafield>
  <datafield tag="100" ind1=" " ind2=" ">
    <subfield code="a">&#x930;&#x947;&#x933;&#x947;&#x915;&#x930; &#x928;&#x93F;.&#x928;&#x93E;. &#x906;&#x923;&#x93F; &#x917;&#x94B;&#x902;&#x926;&#x915;&#x930; &#x926;&#x93E;&#x926;&#x93E;&#x92E;&#x939;&#x93E;&#x930;&#x93E;&#x91C;.</subfield>
  </datafield>
  <datafield tag="245" ind1=" " ind2=" ">
    <subfield code="a">&#x938;&#x902;&#x924; &#x928;&#x93E;&#x92E;&#x926;&#x947;&#x935;&#x93E;&#x902;&#x91A;&#x940; &#x905;&#x92D;&#x902;&#x917;&#x917;&#x93E;&#x925;&#x93E;.</subfield>
  </datafield>
  <datafield tag="260" ind1=" " ind2=" ">
    <subfield code="b">&#x930;&#x93E;&#x937;&#x94D;&#x91F;&#x940;&#x92F; &#x938;&#x92E;&#x93F;&#x924;&#x940; &#x907;&#x91C;&#x932;&#x915;&#x930;&#x902;&#x91C;&#x940;.</subfield>
  </datafield>
  <datafield tag="260" ind1=" " ind2=" ">
    <subfield code="c">2004</subfield>
  </datafield>
  <datafield tag="300" ind1=" " ind2=" ">
    <subfield code="a">916</subfield>
  </datafield>
  <datafield tag="600" ind1=" " ind2=" ">
    <subfield code="a">&#x930;&#x947;&#x933;&#x947;&#x915;&#x930; &#x928;&#x93F;.&#x928;&#x93E;. &#x906;&#x923;&#x93F; &#x917;&#x94B;&#x902;&#x926;&#x915;&#x930; &#x926;&#x93E;&#x926;&#x93E;&#x92E;&#x939;&#x93E;&#x930;&#x93E;&#x91C;.</subfield>
  </datafield>
  <datafield tag="630" ind1=" " ind2=" ">
    <subfield code="a">&#x938;&#x902;&#x924; &#x928;&#x93E;&#x92E;&#x926;&#x947;&#x935;&#x93E;&#x902;&#x91A;&#x940; &#x905;&#x92D;&#x902;&#x917;&#x917;&#x93E;&#x925;&#x93E;.</subfield>
  </datafield>
  <datafield tag="700" ind1=" " ind2=" ">
    <subfield code="a">&#x930;&#x947;&#x933;&#x947;&#x915;&#x930; &#x928;&#x93F;.&#x928;&#x93E;. &#x906;&#x923;&#x93F; &#x917;&#x94B;&#x902;&#x926;&#x915;&#x930; &#x926;&#x93E;&#x926;&#x93E;&#x92E;&#x939;&#x93E;&#x930;&#x93E;&#x91C;.</subfield>
  </datafield>
  <datafield tag="730" ind1=" " ind2=" ">
    <subfield code="a">&#x938;&#x902;&#x924; &#x928;&#x93E;&#x92E;&#x926;&#x947;&#x935;&#x93E;&#x902;&#x91A;&#x940; &#x905;&#x92D;&#x902;&#x917;&#x917;&#x93E;&#x925;&#x93E;.</subfield>
  </datafield>
  <datafield tag="942" ind1=" " ind2=" ">
    <subfield code="c">BOOK</subfield>
  </datafield>
  <datafield tag="999" ind1=" " ind2=" ">
    <subfield code="c">1311946</subfield>
    <subfield code="d">1311943</subfield>
  </datafield>
  <datafield tag="952" ind1=" " ind2=" ">
    <subfield code="0">0</subfield>
    <subfield code="1">0</subfield>
    <subfield code="4">0</subfield>
    <subfield code="7">0</subfield>
    <subfield code="a">PNVM</subfield>
    <subfield code="b">PNVM</subfield>
    <subfield code="d">2015-06-21</subfield>
    <subfield code="g">0.00</subfield>
    <subfield code="l">0</subfield>
    <subfield code="o">PNVM-45996</subfield>
    <subfield code="p">PNVM-45996</subfield>
    <subfield code="r">2015-12-02 00:00:00</subfield>
    <subfield code="v">0.00</subfield>
    <subfield code="w">2015-12-02</subfield>
    <subfield code="y">BOOK</subfield>
  </datafield>
</record>
